00330nam a2200121Ia 4500008004100000082001900041100001500060245004900075250000800124260004900132300001000181650001700191150201s2004 xx 000 0 und d a616.01bT2004A aARORA,D.R. aTEXTBOOK OF MICROBIOLOGY FOR DENTAL STUDENTS a1ST bC.B.S PUBLISHERS & DISTRIBUTERSaDELHIc2004 a1-364 aMICROBIOLOGY